Loading...
| History - World History | 1 | 3 | 0 | 0 | 45 | 68 | 80.75 | 2 | 3 |
| Social Science | 0 | 4 | 0 | 2 | 40 | 84 | 110.75 | 0 | 3 |
| History - American History | 0 | 3 | 0 | 2 | 30 | 115 | 124.33 | 0 | 2 |
| Mythology | 1 | 1 | 0 | 0 | 25 | 37 | 67.00 | 1 | 2 |
| History - Other History | 0 | 2 | 0 | 0 | 20 | 72 | 84.00 | 0 | 2 |
| Literature - European Literature | 0 | 2 | 0 | 0 | 20 | 93 | 112.00 | 0 | 2 |
| Religion | 0 | 2 | 0 | 1 | 20 | 126 | 134.00 | 0 | 1 |
| Philosophy | 0 | 2 | 0 | 1 | 20 | 78 | 105.50 | 1 | 1 |
| History - European History | 1 | 0 | 0 | 0 | 15 | 74 | 74.00 | 0 | 1 |
| Geography | 0 | 1 | 0 | 0 | 10 | 87 | 87.00 | 0 | 1 |
| Current Events | 0 | 1 | 0 | 0 | 10 | 98 | 98.00 | 0 | 1 |
| Fine Arts - Visual Fine Arts | 0 | 0 | 1 | 0 | -5 | 0.00 | 0 | 0 | |
| Literature - British Literature | 0 | 0 | 1 | 0 | -5 | 0.00 | 0 | 0 |